00535nam a2200133Ia 4500008004100000100001900041245016800060245006600228260004000294260000900334300002200343650001400365650002200379170224s9999 xx 000 0 und d aD. Ray Reutzel 4aThe Informational Text Structure Survey (ITS2): An exploration of primary grade teachers’ sensitivity to text structure in young children's informational texts  cD. Ray Reutzel, Cindy D. Jones, Sarah K. Clark & Tamara Kumar bThe Journal of Educational Research c2016 a109: Pages: 81-98 xEducation xSpecial Education